Bayern München Kader 19/20 - Statistiken

Allgemein
  • Dieses Quiz wurde 542 mal gespielt
  • Das Durchschnittsergebnis liegt bei 17 aus 25
Antwortstatistiken
Spieler % Korrekt
Neuer
99%
Lewandowski
96%
Müller
94%
Boateng
93%
Kimmich
93%
Gnabry
91%
Alaba
87%
Ulreich
86%
Coman
83%
Davies
82%
Goretzka
82%
Pavard
81%
Süle
77%
Thiago
74%
Hernandez
72%
Javi Martinez
70%
Coutinho
62%
Perisic
57%
Tolisso
57%
Früchtl
51%
Zirkzee
48%
Arp
32%
Cuisance
32%
Mai
23%
Singh
17%
Keine übereinstimmenden Quizze gefunden
Verteilung der Resultate
Anzahl Personen mit jedem Resultat
Perzentil nach korrekt beantworteten Fragen
Ihre Resultats-Entwicklung
Sie haben dieses Quiz noch nicht gespielt